000 00546nam a2200229Ia 4500
003 OSt
005 20220923230714.0
006 a|||||r|||| 00| 0
007 ta
008 Pun
024 _a304,919
037 _cTextual
040 _aARTS
_cARTS
_bPun
041 _2Pun
_aPun
082 _aR694:6, 153K9
100 _aਜੋFੀ, ੳਗ.
_9169138
245 0 _aਧੱਮਧਦ
260 _c1969
650 _aਣOਸਨ FਾਂਸਛO
942 _hR694:6, 153K9
_cTEXL
_2CC
999 _c386726
_d386726